Las polt̕icas monetarias de la reserva federal norteamericana y sus consecuencias econm̤icas y fiscales

Detalles Bibliográficos
Autor principal: Calvo Vergez, Juan
Formato: eBook
Lenguaje:español
Publicado: Madrid: Dykinson, 2021
Materias:
Acceso en línea:Acceso restringido

MARC

LEADER 00000nam a22000007a 4500
005 2021090806226.0
007 cr|||| ||||
008 210908s2021 es |||||s|||| 00||0 spa d
020 |a 978-84-1377-608-8 
035 |a 35130 
040 |a vLex 
090 |c 12326  |d 12326 
100 1 |a Calvo Vergez, Juan 
245 1 3 |a Las polt̕icas monetarias de la reserva federal norteamericana y sus consecuencias econm̤icas y fiscales  |h [Recurso electrn̤ico] /  |c Juan Calvo Vergez 
256 |a Servicio en ln̕ea 
260 |a Madrid:  |b Dykinson,  |c 2021 
300 |a 1 recurso electrn̤ico 
506 1 |a Disponible solo en los productos indicados  |d vLex Global  |d vLex Global (Academic Edition, excluding Law Schools)  |d vLex Global (U.S. Academic Edition, Law Schools)  |d vLex Global (U.S. Academic Edition, excluding Law Schools)  |d vLex Global (Academic Edition, Law Schools) 
650 0 4 |a Derecho Fiscal  |z Espaą 
650 0 4 |a Financiero  |z Espaą 
740 0 |a vLex Libros (Servicio en ln̕ea) 
856 4 0 |u https://app.vlex.com/#/sources/35130  |z Acceso restringido 
942 |c BOOK 
999 0 |a Tax Law 
999 0 |a Financial